Zólyombrézó

Zobrazenie: Pohľad zhora na železiarne v doline medzi horami

Bibliographic Details
Format: Postcard
Language:Hungarian
PhysicalDescription:1 pohľadnica tónovaná do hneda 9 x 14 cm
Published: [Slovensko?] [vydavateľ neznámy] [1911?]
Subjects:

MARC

LEADER 00000ckm a2200000 a 4500
001 vtls011613085
003 SK-MaSNL
005 20260512123459.0
007 kp ao
008 230706q1911 xo g kuhun
015 |a SNBG1911 
035 |a urn:nbn:sk:snk-km00ehn5 
035 |a urn:nbn:sk:snk-km45xty 
035 |a 5BFDC52B-ADEB-493C-B618-231995A29AFF 
040 |a SNK  |b slo  |c SNK  |e AACR2 
041 0 |a hun 
043 |a e-xo--- 
044 |a xo  |c SK 
072 7 |a 913  |x Regionálna geografia  |2 konspekt 
080 |a 913(437.6)  |2 2001 
080 |a 669.1:005.71  |2 2011 
080 |a 669.1:334.716  |2 2011 
080 |a 94(084.121)  |2 2011 
245 0 0 |a Zólyombrézó  |h grafika 
260 |a [Slovensko?]  |b [vydavateľ neznámy]  |c [1911?] 
300 |a 1 pohľadnica  |b tónovaná do hneda  |c 9 x 14 cm 
500 |a Názvové údaje prevzaté z obrazovej časti pohľadnice 
520 8 |a Zobrazenie: Pohľad zhora na železiarne v doline medzi horami 
650 0 7 |a železiarne  |2 SNKPH  |9 51885 
651 7 |a Podbrezová (Slovensko)  |2 SNKPHgeo  |9 60333 
655 7 |a miestne pohľadnice  |2 SNKPH  |9 70510 
655 7 |a historické pohľadnice  |2 SNKPH  |9 159703 
852 |a Slovenská národná knižnica 
958 |a ONDV 
958 |a GC 
958 |a GBN 
999 |c 763333  |d 765263 
952 |a SNK  |b SNK  |y PREZ  |7 0  |p 17A1223237  |o snkSP 19517  |z Pohľadnica prešla poštou. ; Pohľadnica je poškodená, z adresnej časti je vľavo dole natrhnutá.  |0 0  |1 0  |4 0  |d 2017-02-22  |f 1  |l 0  |r 2026-02-24 00:11:00  |w 2026-02-24